Un día de lluvia / (Registro nro. 3353)

Detalles MARC
000 -LEADER
fixed length control field 01077nam a2200253Ia 4500
003 - CONTROL NUMBER IDENTIFIER
control field OSt
005 - DATE AND TIME OF LATEST TRANSACTION
control field 20200330120246.0
008 - FIXED-LENGTH DATA ELEMENTS--GENERAL INFORMATION
fixed length control field 191128t2012 ck a ar 000 1 spa d
020 ## - INTERNATIONAL STANDARD BOOK NUMBER
International Standard Book Number 9789583201523
040 ## - CATALOGING SOURCE
Original cataloging agency CO-JMCR
Transcribing agency CO-JMCR
082 04 - DEWEY DECIMAL CLASSIFICATION NUMBER
Classification number A /
Item number RUEu
100 ## - MAIN ENTRY--PERSONAL NAME
Personal name Rueda, Claudia,
Relator term autora
9 (RLIN) 679
245 13 - TITLE STATEMENT
Title Un día de lluvia /
Statement of responsibility, etc. Claudia Rueda
250 ## - EDITION STATEMENT
Edition statement Primera edición
260 ## - PUBLICATION, DISTRIBUTION, ETC.
Place of publication, distribution, etc. Bogotá :
Name of publisher, distributor, etc. Oceano travesía,
Date of publication, distribution, etc. ©2012
300 ## - PHYSICAL DESCRIPTION
Extent [40] páginas sin numerar :
Other physical details ilustraciones a color ;
Dimensions 19 cm.
490 ## - SERIES STATEMENT
Series statement Primera Infancia del Ministerio de Cultura
500 ## - GENERAL NOTE
General note Plan Nacional de Lectura y Escritura, Leer es mi Cuento, 2012.
520 0# - SUMMARY, ETC.
Summary, etc. Ana es demasiado pequeña para ir al baile con sus padres y sus hermanas, así que se queda en casa mientras fuera cae la lluvia. Su única compañía es un gato que escapa al sótano, donde se empolvan los libros. Ellas tiene prohibido entrar ahí, pero…
521 ## - TARGET AUDIENCE NOTE
Target audience note Recomendado para niños mayores de 2 años.
546 ## - LANGUAGE NOTE
Language note spa
650 14 - SUBJECT ADDED ENTRY--TOPICAL TERM
Topical term or geographic name entry element Álbumes infantiles colombianos
9 (RLIN) 1884
942 ## - ADDED ENTRY ELEMENTS (KOHA)
Source of classification or shelving scheme Dewey Decimal Classification
Koha item type Books
Existencias
Withdrawn status Lost status Source of classification or shelving scheme Damaged status Not for loan Collection code Home library Current library Date acquired Source of acquisition Cost, normal purchase price Total Checkouts Full call number Barcode Date last seen Date last checked out Copy number Koha item type
    Dewey Decimal Classification     Fiction Biblioteca Pública José María del Castillo y Rada Biblioteca Pública José María del Castillo y Rada 11/28/2019 Donación 0.00 9 A / RUEu 201807003 02/10/2026 02/10/2026 Ej.1 Books